Economics and social science "2/2020" (Record no. 514566)

000 -LEADER
fixed length control field 00396nam a22001337a 4500
008 - FIXED-LENGTH DATA ELEMENTS--GENERAL INFORMATION
fixed length control field 201113b ||||| |||| 00| 0 eng d
100 ## - MAIN ENTRY--PERSONAL NAME
Personal name Reisch, L.A. and Doebbe, F.C.
245 ## - TITLE STATEMENT
Title Economics and social science "2/2020"
260 ## - PUBLICATION, DISTRIBUTION, ETC. (IMPRINT)
Place of publication, distribution, etc Journal of Consumer Policy
300 ## - PHYSICAL DESCRIPTION
Extent 43(2), Jun, 2020: p.423-432
773 ## - HOST ITEM ENTRY
Main entry heading Journal of Consumer Policy
906 ## - LOCAL DATA ELEMENT F, LDF (RLIN)
Subject DIP ECONOMICS
942 ## - ADDED ENTRY ELEMENTS (KOHA)
Item type Articles
Holdings
Withdrawn status Lost status Source of classification or shelving scheme Damaged status Not for loan Permanent location Current location Date acquired Serial Enumeration / chronology Barcode Date last seen Koha item type
          Indian Institute of Public Administration Indian Institute of Public Administration 2020-11-13 43(2), Jun, 2020: p. 423-432 AR123559 2020-11-13 Articles

Powered by Koha